[Event "SUI-ch op"]
[Site "Leukerbad"]
[Date "2015.07.11"]
[Round "3"]
[White "Kosteniuk, Alexandra"]
[Black "Gerber, Richard"]
[Result "1-0"]
[WhiteElo "2520"]
[BlackElo "2363"]
[PlyCount "81"]
[EventDate "2015.07.09"]
[EventType "swiss"]
[EventRounds "9"]
[EventCountry "SUI"]
[SourceTitle "EXT 2019"]
[Source "ChessBase"]
[SourceDate "2018.10.10"]
[SourceVersion "1"]
[SourceVersionDate "2018.10.10"]
[SourceQuality "1"]

1. e4 c5 2. Nf3 d6 3. d4 cxd4 4. Nxd4 Nf6 5. Nc3 g6 6. Be3 Bg7 7. f3 Nc6 8. Qd2 0-0 9. 0-0-0 d5 10. exd5 Nxd5 11. Nxc6 bxc6 12. Bd4 Bxd4 13. Qxd4 Qb6 14. Na4 Qa5 15. b3 Be6 16. Qe5 Qb4 17. Kb2 Rab8 18. Rd4 Qd6 19. Qxd6 exd6 20. Bc4 Rfc8 21. Bxd5 cxd5 22. Rhd1 Rc7 23. R1d3 h5 24. Rc3 Re7 25. Re3 Rc7 26. Nc3 Rc5 27. Ne2 Kg7 28. Ra4 Rb7 29. Ra6 Rd7 30. Nd4 Kf6 31. a4 Rcc7 32. Nb5 Rb7 33. Rc3 Ke5 34. Rcc6 d4 35. Ra5 d5 36. Rca6 h4 37. g3 hxg3 38. hxg3 d3 39. cxd3 g5 40. d4+ Kf5 41. Nd6+ 1-0

[Event "SUI-ch HT"]
[Site "Bern"]
[Date "2014.10.01"]
[Round "6"]
[White "Wyss, Jonas"]
[Black "Gerber, Richard"]
[Result "0-1"]
[WhiteElo "2270"]
[BlackElo "2363"]
[PlyCount "82"]
[EventDate "2014.09.27"]
[EventType "swiss"]
[EventRounds "9"]
[EventCountry "SUI"]
[SourceTitle "EXT 2016"]
[Source "ChessBase"]
[SourceDate "2015.10.08"]
[SourceVersion "1"]
[SourceVersionDate "2015.10.08"]
[SourceQuality "1"]

1. e4 c5 2. Nf3 d6 3. d4 cxd4 4. Nxd4 Nf6 5. Nc3 g6 6. Be3 Bg7 7. f3 Nc6 8. Qd2 0-0 9. Bc4 Bd7 10. Bb3 Na5 11. 0-0-0 Qc7 12. h4 Rfc8 13. h5 Nc4 14. Bxc4 Qxc4 15. Bh6 Bh8 16. Nf5 Bxf5 17. exf5 Rc5 18. hxg6 hxg6 19. g4 Rac8 20. Bf8 Nh5 21. Rxh5 Bxc3 22. bxc3 Qxc3 23. Qxc3 Rxc3 24. Bxe7 Rxc2+ 25. Kb1 gxh5 26. Rh1 R8c6 27. Bf6 d5 28. g5 Rxf6 29. gxf6 Rc6 30. Rxh5 Rxf6 31. Kb2 Kg7 32. Kc3 Rh6 33. Rg5+ Kf6 34. Rg2 Rh4 35. Rb2 b6 36. Re2 Rf4 37. Re8 Rxf3+ 38. Kd4 Rf2 39. a3 Rf3 40. a4 Rf4+ 41. Kxd5 Rxa4 0-1

[Event "SUI-chT"]
[Site "Switzerland"]
[Date "2014.09.07"]
[Round "7.5"]
[White "Berset, Philippe"]
[Black "Gerber, Richard"]
[Result "1/2-1/2"]
[WhiteElo "2132"]
[BlackElo "2391"]
[PlyCount "88"]
[EventDate "2014.03.16"]
[EventType "team-tourn"]
[EventRounds "9"]
[EventCountry "SUI"]
[SourceTitle "EXT 2015"]
[Source "ChessBase"]
[SourceDate "2014.11.20"]
[SourceVersion "1"]
[SourceVersionDate "2014.11.20"]
[SourceQuality "1"]
[WhiteTeam "Neuchatel"]
[BlackTeam "Geneve"]
[WhiteTeamCountry "SUI"]
[BlackTeamCountry "SUI"]

1. e4 c5 2. Nf3 d6 3. Bb5+ Bd7 4. Bxd7+ Nxd7 5. 0-0 Ngf6 6. Qe2 a6 7. c3 e6 8. d4 cxd4 9. cxd4 d5 10. e5 Ne4 11. Nbd2 Nxd2 12. Bxd2 Be7 13. Rfe1 0-0 14. Rac1 Qb6 15. Qd3 h6 16. Qc3 Nb8 17. Qc7 Bd8 18. Qxb6 Bxb6 19. Bb4 Re8 20. Bc5 Bxc5 21. Rxc5 Nc6 22. Re3 Re7 23. Kf1 f6 24. Rd3 Rf8 25. exf6 Rxf6 26. Rc1 Rf4 27. a3 Ref7 28. Rc2 g5 29. h3 Kg7 30. Re2 R7f6 31. b4 Kg6 32. Rdd2 Kf7 33. Ne5+ Nxe5 34. Rxe5 Ke7 35. Re3 Kd6 36. f3 Rf7 37. Rc3 h5 38. Rdd3 h4 39. Kf2 Rc7 40. Rxc7 Kxc7 41. Rc3+ Kd7 42. Rd3 Kd6 43. Ke2 Rf7 44. Re3 Rf5 1/2-1/2

[Event "Francophone op 2nd"]
[Site "Beirut"]
[Date "2014.06.08"]
[Round "9"]
[White "Gerber, Richard"]
[Black "Rooze, Jan"]
[Result "1/2-1/2"]
[WhiteElo "2383"]
[BlackElo "2369"]
[PlyCount "29"]
[EventDate "2014.05.31"]
[EventType "swiss"]
[EventRounds "9"]
[EventCountry "LBN"]
[SourceTitle "EXT 2015"]
[Source "ChessBase"]
[SourceDate "2014.11.20"]
[SourceVersion "1"]
[SourceVersionDate "2014.11.20"]
[SourceQuality "1"]

1. e4 e5 2. Nf3 Nc6 3. Bb5 a6 4. Bxc6 dxc6 5. 0-0 Bg4 6. h3 h5 7. c3 Qd3 8. hxg4 hxg4 9. Nxe5 Bd6 10. Nxd3 Bh2+ 11. Kh1 Bd6+ 12. Kg1 Bh2+ 13. Kh1 Be5+ 14. Kg1 Bh2+ 15. Kh1 1/2-1/2